| 000 | 00632nam a2200205 a 4500 | ||
|---|---|---|---|
| 001 | 000012341 | ||
| 005 | 20240412074231.0 | ||
| 008 | 091111s1995 dr r 001 f spa d | ||
| 020 | _a9768109009 | ||
| 040 |
_aDO-SdBNP _bspa _cBNPHU |
||
| 082 |
_aRD863.44 _bG216h |
||
| 100 | 1 |
_aGarcía Romero, Rafael, _d1957- _91671 |
|
| 245 | 1 | 0 |
_aHistorias de cada día / _cRafael García Romero. |
| 260 |
_aSanto Domingo : _bCorripio, _c1995. |
||
| 300 |
_a175 p. ; _c23 cm. |
||
| 590 | _aInventariado, 2020/BT | ||
| 650 | 0 |
_aCuentos dominicanos _9176 |
|
| 650 | 0 |
_aLiteratura dominicana. _967 |
|
| 910 | _aValidado. Control de calidad. MMOLINA | ||
| 999 |
_c11998 _d11998 |
||